000 00669nam a2200217 a 4500
001 79178
003 BD-RjUL
005 20220113154114.0
008 220116s1929 pk 000 0 urd d
035 _a(BD-RjUL)79178
040 _aTAU
_beng
_cBD-RjUL
041 0 _aurd
082 _a297.5
_bABA 1929
_223
090 _a297.5
100 1 _a Abdul Rahim ;; عبد الرحيم
_9725
245 1 0 _aاصول الفقه الاسلامي /
_c Masoud Ali ;; ترجمه مسعود علي ; Abdul Rahim ;; تأليف عبد الرحيم
260 _aHydarabad :
_bJamea usmaniah،
_c1929
300 _a450+49 ص
_c25 cm
650 4 _aIslamic law
942 _2ddc
_cBK
999 _c79178
_d79178